College Writing Skills with Readings / (Record no. 611305)

000 -LEADER
fixed length control field 00853nam a22002057a 4500
003 - CONTROL NUMBER IDENTIFIER
control field NUST
005 - DATE AND TIME OF LATEST TRANSACTION
control field 20240831120516.0
008 - FIXED-LENGTH DATA ELEMENTS--GENERAL INFORMATION
fixed length control field 240831b ||||| |||| 00| 0 eng d
020 ## - INTERNATIONAL STANDARD BOOK NUMBER
International Standard Book Number 9781265226596
082 ## - DEWEY DECIMAL CLASSIFICATION NUMBER
Classification number 808.0422,LAN
100 ## - MAIN ENTRY--PERSONAL NAME
Personal name Langan, John
245 ## - TITLE STATEMENT
Title College Writing Skills with Readings /
Statement of responsibility, etc. John Langan, Zoe L. Albright
250 ## - EDITION STATEMENT
Edition statement 11th Edition
260 ## - PUBLICATION, DISTRIBUTION, ETC.
Place of publication, distribution, etc. Boston
Name of publisher, distributor, etc. McGraw-Hill,
Date of publication, distribution, etc. c2023
300 ## - PHYSICAL DESCRIPTION
Extent xxiii,794, IG-45
505 ## - FORMATTED CONTENTS NOTE
Formatted contents note Part 1: Essay Writing (Page-2), Part 2: Patterns of Essay Development (Page-205), Part 3: Researching, Writing and Documenting (Page-393), Part 4: Handbook of Sentence Skills (Page-479), Part 5: Readings for Writers (Page-641).
650 ## - SUBJECT ADDED ENTRY--TOPICAL TERM
Topical term or geographic name entry element College readers | English language -- Grammar |
9 (RLIN) 125557
651 ## - SUBJECT ADDED ENTRY--GEOGRAPHIC NAME
Geographic name English language -- Rhetoric | Report writing
9 (RLIN) 125558
942 ## - ADDED ENTRY ELEMENTS (KOHA)
Source of classification or shelving scheme
Koha item type Reference
Holdings
Withdrawn status Lost status Source of classification or shelving scheme Damaged status Not for loan Permanent Location Current Location Shelving location Date acquired Full call number Barcode Date last seen Price effective from Koha item type Public note
          Military College of Signals (MCS) Military College of Signals (MCS) General Stacks 08/31/2024 808.0422,LAN MCS38825 08/31/2024 08/31/2024 Book Almirah No.56, Shelf No.1
© 2023 Central Library, National University of Sciences and Technology. All Rights Reserved.